Normal view
MARC view
Entry Topical Term
001 - CONTROL NUMBER
- control field: 49147
003 - CONTROL NUMBER IDENTIFIER
- control field: OSt
005 - DATE AND TIME OF LATEST TRANSACTION
- control field: 20240513144618.0
008 - FIXED-LENGTH DATA ELEMENTS
- fixed length control field: 240513|| aca||aabn | a|a d
040 ## - CATALOGING SOURCE
- Original cataloging agency: OSt
- Transcribing agency: OSt
150 ## - HEADING--TOPICAL TERM
- Topical term or geographic name entry element: Galactic globular clusters
670 ## - SOURCE DATA FOUND
- Source citation: Work cat.: (OSt)36051: Prabhu, Deepthi S Author 49146, Multi-wavelength study of Hot steller populations in Galactic Globular Clusters, 2023